|
|
|
|
| LEADER |
01119cam a2200313 a 4500 |
| 001 |
c000277801 |
| 003 |
CARM |
| 005 |
20071206105257.0 |
| 008 |
881212s1988 xnaa b 000 0 eng d |
| 019 |
1 |
|
|a 6120034
|5 LACONCORD2021
|
| 035 |
|
|
|a (OCoLC)220583624
|5 LACONCORD2021
|
| 040 |
|
|
|a QUT
|b eng
|c QUT
|d XNTU
|
| 042 |
|
|
|a anuc
|
| 043 |
|
|
|a u-at---
|
| 050 |
|
4 |
|a LA2108
|b .G44 1988
|
| 082 |
0 |
4 |
|a 378.03/0994
|2 19
|
| 100 |
1 |
|
|a Gledhill, V. X.
|
| 245 |
1 |
0 |
|a Electronic tutorial system for distance education /
|c V.X. Gledhill, C.P. Dudley.
|
| 260 |
|
|
|a [Sydney] :
|b Macquarie University,
|c 1988.
|
| 300 |
|
|
|a 25 leaves :
|b ill. ;
|c 30 cm.
|
| 500 |
|
|
|a Cover title.
|
| 500 |
|
|
|a Processed.
|
| 504 |
|
|
|a Bibliography: p. 15.
|
| 650 |
|
0 |
|a Distance education
|z Australia
|x Communication systems.
|
| 650 |
|
0 |
|a Intelligent tutoring systems
|z Australia.
|
| 700 |
1 |
|
|a Dudley, C. P.
|
| 852 |
8 |
|
|b CARM
|h A1:AL19C0
|i F03144
|p 0399963
|f BK
|
| 999 |
f |
f |
|i 0646dddf-dc3a-529c-a931-aee555bd6aa5
|s e4290b7a-b6dd-5e34-9c04-501b79d0f965
|
| 952 |
f |
f |
|p Can circulate
|a CAVAL
|b CAVAL
|c CAVAL
|d CARM 1 Store
|e F03144
|f A1:AL19C0
|h Other scheme
|i book
|m 0399963
|